000 00594nam a22001937a 4500
003 OSt
005 20251206030853.0
008 251206b |||||||| |||| 00| 0 eng d
020 _a13 : 978-1-4390-8145-7.
040 _aDWCL-Admin lib
_cOC
082 _aCirc. 351 S795m 2011
100 _aStarling, Grover
245 _aManaging the public sector /
_c Grover Starling
260 _aBoston, MA :
_bWadsworth Cengage Learning,
_cc2011
300 _axxii, 596 p. :
_bill. ;
_c23 cm.
504 _aIncludes index.
650 _a1. Public administration
942 _2ddc
_cBK-CIRC
_e9th ed.
_kCirc.
_n0
999 _c6988
_d6988